Brechas y transformaciones: la evolución del empleo agropecuario en América Latina

محفوظ في:
التفاصيل البيبلوغرافية
المؤلف الرئيسي: Weller, Jürgen (مؤلف)
التنسيق: كتاب
اللغة:الإسبانية
منشور في: Santiago Comisión Nacional para América Latina y el Caribe 2016
الطبعة:1a. ed
سلاسل:Desarrollo Económico
Libros de la Cepal, 141
الموضوعات:
الوسوم: إضافة وسم
لا توجد وسوم, كن أول من يضع وسما على هذه التسجيلة!

MARC

LEADER 00000cam a2200000 a 4500
001 UCD6854
003 CL-VaPUC
008 170226e20161200cl |||||||||||||||||spa|d
020 |a 9789211219302 
082 0 4 |a 658.3124  |b WEL  |2 21 
100 0 |a Weller, Jürgen  |e author  |9 590702 
245 1 0 |a Brechas y transformaciones: la evolución del empleo agropecuario en América Latina 
250 |a 1a. ed 
300 |a 268 p 
942 |c BK 
945 |d 20170226 00:48:00  |a arojas 
260 |a Santiago  |b Comisión Nacional para América Latina y el Caribe  |c 2016 
650 0 |a Inserción laboral   |9 475300 
650 0 |a Zonas rurales  |9 317366 
650 0 |a Empleo y trabajo  |9 463904 
651 0 |a América Latina   |9 255027 
583 |a last modification  |c 20170226 00:48:00  |k Rodrigo Vera 
490 0 |a Desarrollo Económico 
490 0 |a Libros de la Cepal, 141 
999 |c 367031  |d 367029 
952 |0 0  |1 0  |3 erb  |4 0  |6 658_312400000000000_WEL_2016  |7 0  |8 A  |9 481712  |a BIBAGR  |b BIBAGR  |i 5361362  |o 658.3124 WEL 2016  |p 5361362  |r 2025-01-20  |w 2019-11-24  |y BK  |z Catalogado en:20170226  |k AGR